00698nam a2200193 a 4500008004100000020001500041050001600056100002100072245004200093246003400135260003200169300001500201350000900216650002700225650001300252995009000265999001700355952013200372120416s1988 ||||||||||||||||| || u a0452263794 aHD 58.7 Cro aCrosby, Philip B14aThe Eternally successful organization athe art of corporate wellness aNew YorkbPlume Booksc1988 axii, 255p. a0.00 aORGANIZATIONAL SUCCESS 0aBUSINESS D0.00FCBU-MAIN LIBRARY (Kitwe)H1I9.95M1ULOSTZMain Library Open Access Collection c42509d42509 00102lcc4070a001b001cMain Library Open Access Collectiond2022-11-30l0oHD 58.7 Crop003588r2022-11-30w2022-11-30y002